Normal view MARC view

Entry Personal Name

Number of records used in: 1

001 - CONTROL NUMBER

  • control field: 28570

003 - CONTROL NUMBER IDENTIFIER

  • control field: OSt

005 - DATE AND TIME OF LATEST TRANSACTION

  • control field: 20211101145723.0

008 - FIXED-LENGTH DATA ELEMENTS

  • fixed length control field: 211101|| aca||aabn | a|a d

040 ## - CATALOGING SOURCE

  • Original cataloging agency: OSt
  • Transcribing agency: OSt

100 ## - HEADING--PERSONAL NAME

  • Personal name: Singh, Lovepreet and Bansal, Surbhi

670 ## - SOURCE DATA FOUND

  • Source citation: Work cat.: (OSt)518137: Singh, Lovepreet and Bansal, Surbhi, Growth and instability in area, production and yield of pulses in Punjab

Powered by Koha